Fluctuations (Record no. 115918)

MARC details
000 -LEADER
fixed length control field 01060cad a22002655a 4500
001 - CONTROL NUMBER
control field L159458
008 - FIXED-LENGTH DATA ELEMENTS--GENERAL INFORMATION
fixed length control field 130516s2016 xxk f 000 0 eng d
020 ## - INTERNATIONAL STANDARD BOOK NUMBER
International Standard Book Number 9781783211708
035 ## - SYSTEM CONTROL NUMBER
System control number (Sirsi) u159458
041 0# - LANGUAGE CODE
Language code of text/sound track or separate title eng
050 04 - LIBRARY OF CONGRESS CALL NUMBER
Classification number 692.5
110 2# - MAIN ENTRY--CORPORATE NAME
Corporate name or jurisdiction name as entry element Royal Institution of Chartered Surveyors
9 (RLIN) 4900
245 00 - TITLE STATEMENT
Title Fluctuations
Medium [electronic resource]
250 ## - EDITION STATEMENT
Edition statement 1st
260 ## - PUBLICATION, DISTRIBUTION, ETC.
Place of publication, distribution, etc. London
Date of publication, distribution, etc. RICS
Name of publisher, distributor, etc. 2016
300 ## - PHYSICAL DESCRIPTION
Extent eBook
490 #0 - SERIES STATEMENT
Series statement RICS Guidance Note
490 #0 - SERIES STATEMENT
Series statement RICS Black Book
520 ## - SUMMARY, ETC.
Summary, etc. Outlines the different types of fluctuating price mechanisms available for use within contracts, selection of the most appropriate mechanism for particular situations, and techniques for calculating adjustments. Effective from 23rd November 2016.
590 ## - LOCAL NOTE (RLIN)
Local note KA
651 #4 - SUBJECT ADDED ENTRY--GEOGRAPHIC NAME
Geographic name United Kingdom
690 ## - LOCAL SUBJECT ADDED ENTRY--TOPICAL TERM (OCLC, RLIN)
Topical term or geographic name as entry element Quantity surveying
9 (RLIN) 6263
856 40 - ELECTRONIC LOCATION AND ACCESS
Uniform Resource Identifier <a href="https://www.rics.org/profession-standards/rics-standards-and-guidance/sector-standards/construction-standards/black-book/fluctuations-1st-edition">https://www.rics.org/profession-standards/rics-standards-and-guidance/sector-standards/construction-standards/black-book/fluctuations-1st-edition</a>
Public note Available free on RICS.org
942 ## - ADDED ENTRY ELEMENTS (KOHA)
Suppress in OPAC 0
Source of classification or shelving scheme Dewey Decimal Classification
Holdings
Withdrawn status Lost status Source of classification or shelving scheme Damaged status Not for loan Home library Current library Shelving location Date acquired Total Checkouts Full call number Barcode Date last seen Copy number Price effective from Koha item type
    Dewey Decimal Classification     Virtual Virtual Online 25/07/2017   ONLINE PUBLICATION 159458-2001 13/04/2023 1 06/08/2019 Online material